<?xml version="1.0" encoding="UTF-8"?>
<marc:record xmlns:marc="http://www.loc.gov/MARC21/slim">
   <marc:leader>00000nam a2200000 a 4500</marc:leader>
   <marc:datafield ind1="1" ind2=" " tag="100">
      <marc:subfield code="a">Cortez, Donn</marc:subfield>
      <marc:subfield code="4">aut</marc:subfield>
      <marc:subfield code="e">Verfasser/-in</marc:subfield>
   </marc:datafield>
   <marc:datafield ind1="1" ind2=" " tag="100">
      <marc:subfield code="a">Schäfer, Lutz Magnus</marc:subfield>
   </marc:datafield>
   <marc:datafield ind1="0" ind2="0" tag="245">
      <marc:subfield code="a">Gerichtet wirst du - Der Closer, Band 2 (Ungekürzt)</marc:subfield>
   </marc:datafield>
   <marc:datafield ind1=" " ind2="1" tag="264">
      <marc:subfield code="b">dp audiobooks</marc:subfield>
      <marc:subfield code="c">2023</marc:subfield>
   </marc:datafield>
   <marc:datafield ind1="1" ind2=" " tag="520">
      <marc:subfield code="a">Der Closer ist zurück - und droht selbst Opfer eines noch brutaleren Killers zu werden. Der hochspannende Serienmörder-Thriller nur für starke Nerven! Der Closer Jack Slater ist noch immer auf der Jagd nach skrupellosen Mördern. Dabei trifft er auf einen Mann, der sich selbst Remote nennt und angeblich dieselben Ziele wie Jack verfolgt: die Welt zu einem besseren Ort machen, indem er diejenigen beseitigt, die Böses tun. Doch seine Methoden sind noch extremer. Der Closer will ihn zur Strecke bringen, indem er ein vermeintliches Bündnis mit Remote eingeht. Dabei gerät er aber selbst in die Falle und muss sich allein und unbewaffnet aus der bizarren Hölle eines brutalen Monsters befreien. Dafür muss er weiter gehen als je zuvor, bis an den Rand seiner verbliebenen Menschlichkeit ...</marc:subfield>
   </marc:datafield>
   <marc:datafield ind1=" " ind2=" " tag="020">
      <marc:subfield code="a">9783987780332</marc:subfield>
      <marc:subfield code="9">9783987780332</marc:subfield>
   </marc:datafield>
   <marc:datafield ind1=" " ind2=" " tag="041">
      <marc:subfield code="a">ger</marc:subfield>
   </marc:datafield>
   <marc:datafield ind1=" " ind2=" " tag="300">
      <marc:subfield code="a">491 Min.</marc:subfield>
   </marc:datafield>
</marc:record>
